States of conflict : (Record no. 9038)

MARC details
000 -LEADER
fixed length control field 01578cam a22003854a 4500
001 - CONTROL NUMBER
control field 11805739
003 - CONTROL NUMBER IDENTIFIER
control field OSt
005 - DATE AND TIME OF LATEST TRANSACTION
control field 20240702152227.0
008 - FIXED-LENGTH DATA ELEMENTS--GENERAL INFORMATION
fixed length control field 991007s2000 enk b 001 0 eng
010 ## - LIBRARY OF CONGRESS CONTROL NUMBER
LC control number 99052432
020 ## - INTERNATIONAL STANDARD BOOK NUMBER
International Standard Book Number 1856496554 (hb)
020 ## - INTERNATIONAL STANDARD BOOK NUMBER
International Standard Book Number 1856496562 (pb)
040 ## - CATALOGING SOURCE
Transcribing agency must
042 ## - AUTHENTICATION CODE
Authentication code pcc
050 00 - LIBRARY OF CONGRESS CALL NUMBER
Classification number HV6250.4.W65
Item number S77 2000
082 00 - DEWEY DECIMAL CLASSIFICATION NUMBER
Classification number 305.3 STA 2000
Edition number 21
245 00 - TITLE STATEMENT
Title States of conflict :
Remainder of title gender, violence, and resistance /
Statement of responsibility, etc. edited by Susie Jacobs, Ruth Jacobson, and Jen Marchbank.
260 ## - PUBLICATION, DISTRIBUTION, ETC. (IMPRINT)
Place of publication, distribution, etc. London ;
-- New York :
Name of publisher, distributor, etc. Zed Books,
Date of publication, distribution, etc. c2000.
300 ## - PHYSICAL DESCRIPTION
Extent ix, 246 p. ;
Dimensions 23 cm.
504 ## - BIBLIOGRAPHY, ETC. NOTE
Bibliography, etc Includes bibliographical references and index.
650 #0 - SUBJECT ADDED ENTRY--TOPICAL TERM
Topical term or geographic name as entry element Women
General subdivision Crimes against.
9 (RLIN) 7301
650 #0 - SUBJECT ADDED ENTRY--TOPICAL TERM
Topical term or geographic name as entry element Women
General subdivision Crimes against
-- Prevention.
9 (RLIN) 7302
650 #0 - SUBJECT ADDED ENTRY--TOPICAL TERM
Topical term or geographic name as entry element Violence
General subdivision Prevention.
9 (RLIN) 18371
650 #0 - SUBJECT ADDED ENTRY--TOPICAL TERM
Topical term or geographic name as entry element Women and war.
9 (RLIN) 18372
650 #0 - SUBJECT ADDED ENTRY--TOPICAL TERM
Topical term or geographic name as entry element Women and the military.
9 (RLIN) 18373
700 1# - ADDED ENTRY--PERSONAL NAME
Personal name Jacobs, Susie M.
9 (RLIN) 18374
700 1# - ADDED ENTRY--PERSONAL NAME
Personal name Jacobson, Ruth.
9 (RLIN) 18375
700 1# - ADDED ENTRY--PERSONAL NAME
Personal name Marchbank, Jen,
Dates associated with a name 1964-
9 (RLIN) 18376
856 42 - ELECTRONIC LOCATION AND ACCESS
Materials specified Contributor biographical information
Uniform Resource Identifier <a href="http://www.loc.gov/catdir/bios/hol058/99052432.html">http://www.loc.gov/catdir/bios/hol058/99052432.html</a>
856 42 - ELECTRONIC LOCATION AND ACCESS
Materials specified Publisher description
Uniform Resource Identifier <a href="http://www.loc.gov/catdir/description/hol057/99052432.html">http://www.loc.gov/catdir/description/hol057/99052432.html</a>
856 41 - ELECTRONIC LOCATION AND ACCESS
Materials specified Table of contents
Uniform Resource Identifier <a href="http://www.loc.gov/catdir/toc/hol053/99052432.html">http://www.loc.gov/catdir/toc/hol053/99052432.html</a>
906 ## - LOCAL DATA ELEMENT F, LDF (RLIN)
a 7
b cbc
c orignew
d 1
e ocip
f 19
g y-gencatlg
942 ## - ADDED ENTRY ELEMENTS (KOHA)
Source of classification or shelving scheme Dewey Decimal Classification
Koha item type Open Shelf
Holdings
Withdrawn status Lost status Source of classification or shelving scheme Damaged status Not for loan Home library Current library Date acquired Inventory number Total Checkouts Full call number Barcode Date last seen Price effective from Koha item type
    Dewey Decimal Classification     MUST Main Library MUST Main Library 02/07/2024 05/23637   305.3 STA 2000 2024-21687 02/07/2024 02/07/2024 Open Shelf
    Dewey Decimal Classification     MUST Main Library MUST Main Library 02/07/2024 05/23636   305.3 STA 2000 2024-21688 02/07/2024 02/07/2024 Open Shelf
    Dewey Decimal Classification     MUST Main Library MUST Main Library 02/07/2024 04/22874   305.3 STA 2000 2024-21689 02/07/2024 02/07/2024 Open Shelf
    Dewey Decimal Classification     MUST Main Library MUST Main Library 02/07/2024 04/22873   305.3 STA 2000 2024-21690 02/07/2024 02/07/2024 Open Shelf